| 000 | 00657nam a2200181Ia 4500 | ||
|---|---|---|---|
| 008 | 090123s9999 xx 000 0 und d | ||
| 082 |
_b16333 _a891.463/बनह |
||
| 100 | _aबनहट्टी राजेंद्र | ||
| 245 | _aअखेरचे आत्मचरित्र | ||
| 250 | _a2 | ||
| 260 |
_bविशाखा प्रकाशन _c1988 |
||
| 300 | _a97 | ||
| 600 | _aबनहट्टी राजेंद्र | ||
| 630 | _aअखेरचे आत्मचरित्र | ||
| 700 | _aबनहट्टी राजेंद्र | ||
| 730 | _aअखेरचे आत्मचरित्र | ||
| 942 | _cBOOK | ||
| 999 |
_c54397 _d54397 |
||